000
00224nam a2200085Ia 4500
008
170620s9999 xx 000 0 und d
100
_a
Mukalel- Joseph C.
245
0
_a
Gandhian Education
260
_b
New Delhi- Discovery Publishing House
260
_c
2004
999
_c
24365
_d
24365